NWSL Logo Quiz - Statistics

General Stats
  • This quiz has been taken 42 times
  • The average score is 13 of 14
Answer Stats
Picture Answer % Correct
Utah Royals
100%
Washington Spirit
100%
Houston Dash
97%
North Carolina Courage
97%
Orlando Pride
97%
Portland Thorns FC
97%
Racing Louisville FC
97%
San Diego Wave FC
97%
Seattle Reign FC
97%
Kansas City Current
89%
Angel City FC
86%
Chicago Stars FC
83%
Bay FC
77%
Gotham FC
69%
No matching quizzes found
Score Distribution
Percent of People with Each Score
Percentile by Number Answered
Your Score History
You have not taken this quiz